• 首页
  • 本馆介绍
  • 公告通知
  • 最新文献
  • 馆藏检索
  • 电子资源
  • 读者导购
  • 参考咨询
  • 我的图书馆
  • 登录
  • 详细信息显示
  • 放入我的书架
  • 预约/预借图书
  • 作者相关作品
  • 分类相关作品
  • 丛书相关作品
  • 出版社相关作品

书目信息

  • 表格格式
  • 工作单格式
  • 卡片格式
题名:
历代名画记
    
 
作者: 宇佐美文理, 著 ;赵侦宇 译
分册:  
出版信息: 北京   三联书店  2022.01
页数: 181页, [1] 叶图版
开本: 20cm
丛书名: 古典新读
单 册:
中图分类: J209.22
科图分类:
主题词: 绘画史--hui hua shi--中国--古代
电子资源:
ISBN: 978-7-108-06504-9
000 01388nam 2200325 450
001 2247800384
005 20220915131657.90
010    @a978-7-108-06504-9@dCNY49.00
092    @aCN@bRt1007-2702
100    @a20220107d2022 em y0chiy50 ea
101 1  @achi@cjpn
102    @aCN@b110000
105    @aaf a 000yy
200 1  @a历代名画记@Ali dai ming hua ji@e“气”的艺术论@f(日) 宇佐美文理著@g赵侦宇译
210    @a北京@c三联书店@d2022.01
215    @a181页, [1] 叶图版@c图@d20cm
225 2  @a古典新读@Agu dian xin du@h第一辑
314    @a宇佐美文理, 1959年出生于日本爱知县, 1989年获京都大学文学研究科博士后期课程研究指导认定。赵侦宇, 日本京都大学文学博士。
320    @a有书目 (第170-173页)
330    @a本书是晚唐士人张彦远的代表作。作为画史之开端与绘画百科全书, 它对中国的绘画、艺术理论有莫大的影响。本书不仅向读者展示了《历代名画记》的成书过程, 也图文并茂地介绍、解读了绘画作者的人物评价与作品评价之间的关系、儒家思想与老庄思想共通的气之思想与用笔理论等, 以及这不为人知的名著的魅力。
410  0 @12001 @a古典新读@h第一辑
517 1  @a“气”的艺术论@A“ qi ”de yi shu lun
606 0  @a绘画史@Ahui hua shi@y中国@z古代
690    @aJ209.22@v5
701  0 @a宇佐美文理,@Ayu zuo mei wen li@f1959-@4著
702  0 @a赵侦宇@Azhao zhen yu@4译
801  0 @aCN@b人天书店@c20220107
901    @a生活·读书·新知三联书店
905    @aZUCC@dJ209.22@e7
997    @a期货
    
    历代名画记:“气”的艺术论/(日) 宇佐美文理著/赵侦宇译.-北京:三联书店,2022.01
    181页, [1] 叶图版:图;20cm.-(古典新读.第一辑)
    
    
    ISBN 978-7-108-06504-9:CNY49.00
    本书是晚唐士人张彦远的代表作。作为画史之开端与绘画百科全书, 它对中国的绘画、艺术理论有莫大的影响。本书不仅向读者展示了《历代名画记》的成书过程, 也图文并茂地介绍、解读了绘画作者的人物评价与作品评价之间的关系、儒家思想与老庄思想共通的气之思想与用笔理论等, 以及这不为人知的名著的魅力。
●
相关链接 在五车中查询图书 在当当中查询图书 在豆瓣中查询图书


正题名:历代名画记     索取号:J209.22/7         预约/预借

序号 登录号 条形码 馆藏地/架位号 状态 备注
1 2000891671   2000891671   第三书库/ [索取号:J209.22/7] 在馆    
2 2000891672   2000891672   第三书库/ [索取号:J209.22/7] 在馆    
3 2000891673   2000891673   第三书库/ [索取号:J209.22/7] 在馆    
山东省滨州职业学院图书馆 欢迎您!
大连网信软件有限公司© 版权所有